| Поле | Инд. | ПП | Название | Значение |
|---|---|---|---|---|
| Тип записи | a | |||
| Библиографический уровень | b | |||
| 001 | Контрольный номер | RU/IS/BASE/283964126 | ||
| 005 | Дата корректировки | 20200630193207.9 | ||
| 008 | Кодируемые данные | 20081230 | ||
| 040 | b | Код языка каталог. | rus | |
| e | Правила каталог. | PSBO | ||
| 041 | 0_ | a | Код языка текста | rus |
| 084 | a | Индекс другой классификации/Индекс ББК | 83.3(7США)6 | |
| 100 | 1_ | a | Автор | Киреева Н. В. |
| 245 | 10 | a | Заглавие | Особенности нехудожественной прозы Т. Пинчона |
| 504 | a | Библиография | Библиогр. - Примеч.: с. 75 - 76 | |
| 600 | 14 | a | Персоналии | Пинчон Томас |
| 650 | 14 | a | Основная рубрика | история литературы |
| a | Основная рубрика | литературоведение | ||
| a | Основная рубрика | филологические науки | ||
| 653 | 0_ | a | Ключевые слова | XX век |
| a | Ключевые слова | литературная саморефлексия | ||
| a | Ключевые слова | литературное творчество | ||
| a | Ключевые слова | предисловие | ||
| a | Ключевые слова | проза | ||
| a | Ключевые слова | проза нехудожественная | ||
| a | Ключевые слова | рецензии | ||
| a | Ключевые слова | США | ||
| 773 | 08 | t | Заглавие источника | Вестник Московского университета. Серия 9, Филология |
| d | Дата издания источника | 2008 | ||
| g | Прочая информация | № 3. - С. 69 - 76 | ||
| w | Контрольный № источника | RU/IS/BASE/282745557 | ||
| 901 | t | Тип документа | b |